<?xml version="1.0" encoding="UTF-8"?>
<record
    xmlns:xsi="http://www.w3.org/2001/XMLSchema-instance"
    xsi:schemaLocation="http://www.loc.gov/MARC21/slim http://www.loc.gov/standards/marcxml/schema/MARC21slim.xsd"
    xmlns="http://www.loc.gov/MARC21/slim">

  <leader>00739na  a2200253   4500</leader>
  <controlfield tag="001">19402</controlfield>
  <controlfield tag="003">MIRAKIL</controlfield>
  <controlfield tag="005">20181213155106.0</controlfield>
  <controlfield tag="008">161214b        tu            000 0      </controlfield>
  <datafield tag="020" ind1=" " ind2=" ">
    <subfield code="a">9786056043543</subfield>
  </datafield>
  <datafield tag="040" ind1=" " ind2=" ">
    <subfield code="a">Milas</subfield>
    <subfield code="b">tur</subfield>
    <subfield code="c">TR-AnCHP</subfield>
  </datafield>
  <datafield tag="041" ind1=" " ind2=" ">
    <subfield code="a">tur</subfield>
  </datafield>
  <datafield tag="082" ind1=" " ind2=" ">
    <subfield code="a">325.31</subfield>
    <subfield code="b">D33e 2010</subfield>
  </datafield>
  <datafield tag="090" ind1=" " ind2=" ">
    <subfield code="a">325.31 D33e 2010</subfield>
  </datafield>
  <datafield tag="100" ind1=" " ind2=" ">
    <subfield code="a">De&#x11F;er, M. Emin</subfield>
  </datafield>
  <datafield tag="245" ind1=" " ind2=" ">
    <subfield code="a">Emperyalizm tuzaklar&#x131;ndaki &#xFC;lke</subfield>
    <subfield code="b">Oltadaki bal&#x131;k T&#xFC;rkiye</subfield>
    <subfield code="c">M. Emin De&#x11F;er</subfield>
  </datafield>
  <datafield tag="246" ind1=" " ind2=" ">
    <subfield code="a">Oltadaki bal&#x131;k T&#xFC;rkiye</subfield>
  </datafield>
  <datafield tag="250" ind1=" " ind2=" ">
    <subfield code="a">g&#xF6;zd. g&#xE7;rl. ve gn&#x15F;l. 11. bs.</subfield>
  </datafield>
  <datafield tag="260" ind1=" " ind2=" ">
    <subfield code="a">Ankara</subfield>
    <subfield code="b">Kilit Yay&#x131;nlar&#x131;</subfield>
    <subfield code="c">2010</subfield>
  </datafield>
  <datafield tag="300" ind1=" " ind2=" ">
    <subfield code="a">536 s.</subfield>
    <subfield code="c">22 sm.</subfield>
  </datafield>
  <datafield tag="650" ind1=" " ind2=" ">
    <subfield code="a">S&#xF6;m&#xFC;rge devletler</subfield>
    <subfield code="x">ABD</subfield>
    <subfield code="z">T&#xFC;rkiye</subfield>
  </datafield>
  <datafield tag="650" ind1=" " ind2=" ">
    <subfield code="a">Emperyalizm</subfield>
    <subfield code="x">S&#xF6;m&#xFC;rgecilik</subfield>
  </datafield>
  <datafield tag="942" ind1=" " ind2=" ">
    <subfield code="2">ddc</subfield>
    <subfield code="c">BKS</subfield>
  </datafield>
  <datafield tag="952" ind1=" " ind2=" ">
    <subfield code="a">0001</subfield>
    <subfield code="b">0001</subfield>
    <subfield code="d">2016-12-14</subfield>
    <subfield code="e">2</subfield>
    <subfield code="l">1</subfield>
    <subfield code="o">325.31 D33e 2010</subfield>
    <subfield code="p">011566</subfield>
    <subfield code="q">2021-10-28</subfield>
    <subfield code="r">2021-10-07 00:00:00</subfield>
    <subfield code="s">2021-10-07</subfield>
    <subfield code="v">0.00</subfield>
    <subfield code="w">2016-12-14</subfield>
    <subfield code="y">BKS</subfield>
  </datafield>
  <datafield tag="952" ind1=" " ind2=" ">
    <subfield code="a">0002</subfield>
    <subfield code="b">0002</subfield>
    <subfield code="d">2021-12-09</subfield>
    <subfield code="l">0</subfield>
    <subfield code="o">325.31 D33e 2010</subfield>
    <subfield code="p">P00922</subfield>
    <subfield code="r">2021-12-09 00:00:00</subfield>
    <subfield code="w">2021-12-09</subfield>
    <subfield code="x">Emin De&#x11F;er Ba&#x11F;&#x131;&#x15F;&#x131;d&#x131;r.</subfield>
    <subfield code="y">BKS</subfield>
  </datafield>
  <datafield tag="999" ind1=" " ind2=" ">
    <subfield code="c">6396</subfield>
    <subfield code="d">6396</subfield>
  </datafield>
</record>
